<?xml version="1.0" encoding="UTF-8"?>
<record
    xmlns:xsi="http://www.w3.org/2001/XMLSchema-instance"
    xsi:schemaLocation="http://www.loc.gov/MARC21/slim http://www.loc.gov/standards/marcxml/schema/MARC21slim.xsd"
    xmlns="http://www.loc.gov/MARC21/slim">

  <leader>01087nas a2200205 a 4500</leader>
  <controlfield tag="005">20250925101039.0</controlfield>
  <controlfield tag="007">ta</controlfield>
  <controlfield tag="008">241009e2005    dr uu|p|r||||||0| ||spa d</controlfield>
  <datafield tag="040" ind1=" " ind2=" ">
    <subfield code="a">DO-SdBNP</subfield>
    <subfield code="c">BNPHU</subfield>
    <subfield code="e">rda</subfield>
  </datafield>
  <datafield tag="041" ind1=" " ind2=" ">
    <subfield code="h">spa</subfield>
  </datafield>
  <datafield tag="245" ind1=" " ind2=" ">
    <subfield code="a">Digo :</subfield>
    <subfield code="b">la revista del decir dominicano /</subfield>
    <subfield code="c">editor: Rub&#xE9;n Lamarche.</subfield>
  </datafield>
  <datafield tag="260" ind1=" " ind2=" ">
    <subfield code="a">Santo Domingo, Rep&#xFA;blica Dominicana :</subfield>
    <subfield code="b">RenaSe Publicaciones,</subfield>
    <subfield code="c">2005.</subfield>
  </datafield>
  <datafield tag="300" ind1=" " ind2=" ">
    <subfield code="a">volumen : </subfield>
    <subfield code="b">ilustraciones, fotograf&#xED;as, gr&#xE1;ficas ; </subfield>
    <subfield code="c">30 cm.</subfield>
  </datafield>
  <datafield tag="310" ind1=" " ind2=" ">
    <subfield code="a">Desconocida</subfield>
  </datafield>
  <datafield tag="500" ind1=" " ind2=" ">
    <subfield code="a">Su contenido es variado, respaldado por las firmas de un equipo capaz. Entre las secciones se encuentran: una entrevista central, econom&#xED;a y pol&#xED;tica, Far&#xE1;ndula y Espect&#xE1;culos, c&#xF3;mo llegu&#xE9; a la noche, Menesteres, Internacionales, La mente y el cuerpo y opiniones, entre otros.</subfield>
  </datafield>
  <datafield tag="651" ind1=" " ind2="0">
    <subfield code="a">Rep&#xFA;blica Dominicana</subfield>
    <subfield code="x">Aspectos sociales</subfield>
    <subfield code="v">Publicaciones peri&#xF3;dicas </subfield>
    <subfield code="9">78065</subfield>
  </datafield>
  <datafield tag="651" ind1=" " ind2="0">
    <subfield code="a">Rep&#xFA;blica Dominicana</subfield>
    <subfield code="x">Vida social y costumbres</subfield>
    <subfield code="v">Publicaciones peri&#xF3;dicas </subfield>
    <subfield code="9">78065</subfield>
  </datafield>
  <datafield tag="700" ind1=" " ind2=" ">
    <subfield code="a">Lamarche, Rub&#xE9;n</subfield>
    <subfield code="9">69584</subfield>
    <subfield code="e">editor</subfield>
  </datafield>
  <datafield tag="942" ind1=" " ind2=" ">
    <subfield code="2">ddc</subfield>
    <subfield code="c">ISSUE</subfield>
    <subfield code="h">Mayo 2005</subfield>
  </datafield>
  <datafield tag="952" ind1=" " ind2=" ">
    <subfield code="0">0</subfield>
    <subfield code="1">0</subfield>
    <subfield code="2">ddc</subfield>
    <subfield code="4">0</subfield>
    <subfield code="7">5</subfield>
    <subfield code="8">SE</subfield>
    <subfield code="a">BNPHU</subfield>
    <subfield code="b">BNPHU</subfield>
    <subfield code="d">2024-10-09</subfield>
    <subfield code="h">Mayo 2005</subfield>
    <subfield code="l">0</subfield>
    <subfield code="p">2024-5668</subfield>
    <subfield code="r">2024-10-09</subfield>
    <subfield code="t">e.1</subfield>
    <subfield code="w">2024-10-09</subfield>
    <subfield code="y">ISSUE</subfield>
  </datafield>
  <datafield tag="952" ind1=" " ind2=" ">
    <subfield code="0">0</subfield>
    <subfield code="1">0</subfield>
    <subfield code="2">ddc</subfield>
    <subfield code="4">0</subfield>
    <subfield code="7">5</subfield>
    <subfield code="8">SE</subfield>
    <subfield code="a">BNPHU</subfield>
    <subfield code="b">BNPHU</subfield>
    <subfield code="d">2024-10-09</subfield>
    <subfield code="h">A&#xF1;o 1. No. 2 Julio 2005</subfield>
    <subfield code="l">0</subfield>
    <subfield code="p">2024-5669</subfield>
    <subfield code="r">2024-10-09</subfield>
    <subfield code="t">e.1</subfield>
    <subfield code="w">2024-10-09</subfield>
    <subfield code="y">ISSUE</subfield>
  </datafield>
  <datafield tag="952" ind1=" " ind2=" ">
    <subfield code="0">0</subfield>
    <subfield code="1">0</subfield>
    <subfield code="2">ddc</subfield>
    <subfield code="4">0</subfield>
    <subfield code="7">5</subfield>
    <subfield code="8">SE</subfield>
    <subfield code="a">BNPHU</subfield>
    <subfield code="b">BNPHU</subfield>
    <subfield code="d">2024-10-09</subfield>
    <subfield code="h">A&#xF1;o 1. No. 2 Julio 2005</subfield>
    <subfield code="l">0</subfield>
    <subfield code="p">2024-5670</subfield>
    <subfield code="r">2024-10-09</subfield>
    <subfield code="t">e.2</subfield>
    <subfield code="w">2024-10-09</subfield>
    <subfield code="y">ISSUE</subfield>
  </datafield>
  <datafield tag="952" ind1=" " ind2=" ">
    <subfield code="0">0</subfield>
    <subfield code="1">0</subfield>
    <subfield code="2">ddc</subfield>
    <subfield code="4">0</subfield>
    <subfield code="7">5</subfield>
    <subfield code="8">SE</subfield>
    <subfield code="a">BNPHU</subfield>
    <subfield code="b">BNPHU</subfield>
    <subfield code="d">2024-10-09</subfield>
    <subfield code="h">A&#xF1;o 1. No. 2 Julio 2005</subfield>
    <subfield code="l">0</subfield>
    <subfield code="p">2024-5671</subfield>
    <subfield code="r">2024-10-09</subfield>
    <subfield code="t">e.3</subfield>
    <subfield code="w">2024-10-09</subfield>
    <subfield code="y">ISSUE</subfield>
  </datafield>
  <datafield tag="952" ind1=" " ind2=" ">
    <subfield code="0">0</subfield>
    <subfield code="1">0</subfield>
    <subfield code="2">ddc</subfield>
    <subfield code="4">0</subfield>
    <subfield code="7">5</subfield>
    <subfield code="8">SE</subfield>
    <subfield code="a">BNPHU</subfield>
    <subfield code="b">BNPHU</subfield>
    <subfield code="d">2024-10-10</subfield>
    <subfield code="h">A&#xF1;o 1. No. 2 Julio 2005</subfield>
    <subfield code="l">0</subfield>
    <subfield code="p">2024-5691</subfield>
    <subfield code="r">2024-10-10</subfield>
    <subfield code="t">e.4</subfield>
    <subfield code="w">2024-10-10</subfield>
    <subfield code="y">ISSUE</subfield>
  </datafield>
  <datafield tag="999" ind1=" " ind2=" ">
    <subfield code="c">57795</subfield>
    <subfield code="d">57795</subfield>
  </datafield>
</record>
